| 000 | 00447 a2200157 4500 | ||
|---|---|---|---|
| 020 | _a 8172730403 | ||
| 082 | _a004 | ||
| 090 |
_c1537 _d1537 |
||
| 100 | _aKumar, Akshay. | ||
| 245 |
_aInformation Technology: An Info Guide _cAkshay Kumar |
||
| 260 |
_aNew Delhi: _b Authors Press, _c2000. |
||
| 300 |
_a vi, 313 p. ; _c24 cm. |
||
| 500 | _aIncludes bibliographical references and index | ||
| 650 | _a Information Technology. | ||
| 942 |
_cBK _k004 KUM |
||
| 999 |
_c5485 _d5485 |
||